| 000 | 00434nam a22001697a 4500 | ||
|---|---|---|---|
| 003 | OSt | ||
| 008 | 260506b |||||||| |||| 00| 0 eng d | ||
| 082 |
_a633.18 _bN29E |
||
| 100 | _aKumar, Navin | ||
| 245 | _aEffect of Level and Time of N-Application on Winter Rice (Oryza Saliva L.) | ||
| 260 |
_aPusa, Samastipur _bRAU _c1994 |
||
| 300 | _a91P. | ||
| 502 |
_bMsc. _d1994 |
||
| 650 | _aAgronomy | ||
| 650 | _aMsc. | ||
| 942 |
_2ddc _cT |
||
| 999 |
_c50452 _d50452 |
||